00321nam a2200109Ia 4500008004000000082001700040100002400057245007900081260003500160300001000195440000600205210210b1990 xxu||||| |||| 00| 0 eng d a181.403 POTE aPOTTER (Karl H),Ed. aEncyclopaedia of Indian philosophies the philosophy of the grammarians.V5. aN DbMotilal Banarsidassc1990 ax,609 a5